=LDR 00000nam 2200000 4500 =001 INLIS000000001052444 =005 20240829032705 =035 ##$$a 0010-0824000262 =007 ta =008 240829################a##########j###### =020 ##$$a 978-89-6509-666-5 =082 ##$$a 028.55 =084 ##$$a 028.55 LEO m =100 #$$a Leo Sae-ha =245 1#$$a Mengendus bau amis /$c Leo Sae-ha =260 ##$$a Gyeonggi-do :$b Tongkeun World =300 ##$$a 27 hlm. : $b ilus. ; $c 27 cm =600 #4$$a Bacaan kanak-kanak =990 ##$$a 3202401833